| 000 | 01026nas a2200301 4500 | ||
|---|---|---|---|
| 001 | BR2014005721 | ||
| 003 | BR-BrBNA | ||
| 005 | 20231205124501.0 | ||
| 007 | ta | ||
| 008 | 230509b bl.|||p| |||| 00| 00por d | ||
| 040 |
_aBR-BrBNA _bpor _cBiblioteca Nacional de Agricultura |
||
| 041 | _a(Pt) | ||
| 072 | _aL02 | ||
| 100 | 1 | _aGarcia, E.A. | |
| 100 | 1 | _aMendes, A.A. | |
| 100 | 1 | _aPizzolante, C.C. | |
| 100 | 1 | _aVeiga, N. | |
| 100 | 1 | _aMattos, T.K. | |
| 245 | 1 | _aAlimentação de codornas com milho moído e ração de postura no período pós-jejum durante a muda forçada e seus efeitos sobre o desempenho | |
| 246 | 1 | _aPerformance of layer quail fed corn meal or layer diet during a post molt period | |
| 650 | _aCODORNA | ||
| 650 | _aPERFORMANCE | ||
| 650 | _aRAÇÃO | ||
| 650 | _aALIMENTO PARA ANIMAL | ||
| 773 | 0 |
_tBrazilian Journal of Poultry Science (Brazil) _xISSN 1516-635X _g(May- Aug 2002), v. 4(2) p. 119-126 _wBR2014005721 |
|
| 909 |
_a202311 _bLúcia _c55 _dLúcia Elande |
||
| 942 |
_2AGRIS _n0 _cANA |
||
| 999 |
_c239300 _d239300 |
||